| 000 | 00505nam a22001697a 4500 | ||
|---|---|---|---|
| 005 | 20250324102739.0 | ||
| 008 | 250324b |||||||| |||| 00| 0 eng d | ||
| 020 | _a9780023397912 | ||
| 050 |
_aLB3013 _b.F783 FRO |
||
| 100 | _aFroyen Len A. | ||
| 245 |
_aClassroom Management: _bThe Reflective Teacher-Leader/ _cLen A. Froyen |
||
| 250 | _a2nd Ed. | ||
| 260 |
_aNew York _bMacmillan Publishing Company _c1993 |
||
| 300 |
_axxiii. 465p. _bill. _c21 cm |
||
| 650 | _2Management | ||
| 942 |
_2lcc _cBK _e2nd Ed. _n0 |
||
| 999 |
_c5123 _d5123 |
||